The Longest Words Ever - Statistics

General Stats
  • This quiz has been taken 46 times
  • The average score is 4 of 15
Answer Stats
Hint Answer % Correct
A lung disease by inhaling fine silica dust from a volcano. Pneumonoultramicroscopicsilicovolcanoconiosis
60%
The fear of long words. Hippopotomonstrosesquippedaliophobia / Hippopotomonstrosesquipedaliophobia
55%
Very good; extraordinary. Coined by Mary Poppins. Supercalifragilisticexpialidocious
55%
The opposition to the disestablishment of the church of english. Antidisestablishmentarianism
50%
The act of estimating something as worthless. Floccinaucinihilipilification
40%
The fear of the number 666. Hexakosioihexekontahexaphobia
40%
A medical condition, having 30 letters. Pseudopseudohypoparathyroidism
30%
The longest place name in the US, being shortened to Lake Webster. Chargoggagoggmanchauggagoggchaubunagungamaugg
20%
Very good; wonderful. Another long word meaning good. Eellogofusciouhipoppokunurious
15%
The longest place in England, being in Wales. It has ~55 letters. Llanfairpwllgwyngyllgogerychwyrndrobwllllantysiliogogogoch
15%
The long name for the most abundant enzyme on Earth. Ribulosebisphosphatecarboxylaseoxygenase
5%
The longest place name ever, being a Maori place name in New Zealand, with around 85 letters. Taumatawhakatangihangakoauauotamateaturipukakapikimaungahoronukupokaiwhenuakitanatahu
5%
The first thunderclap word in the series Finnegans' Wake. Bababadalgharaghtakamminarronnkonnbronntonnerronntuonnthunntrovarrhounawnskawntoohoohoordenenthurnuk
0%
The longest word in literature, being a fictional dish made of meats and fish. Lopado­temacho­selacho­galeo­kranio­leipsano­drim­hypo­trimmato­silphio­karabo­melito­katakechy­meno­kichl­epi­kossypho­phatto­perister­alektryon­opte­kephallio­kigklo­peleio­lagoio­siraio­baphe­tragano­pterygon
0%
The first 1% of the chemical name for Titin. Methionylthreonylthreonylglutaminyllarginylisoleucylserylserylglutaminyllarginylleucylthreonylthreonylglutaminyllarginylisoleucylserylserylglutaminyllarginylleucylthreonylthreonylglutaminyllarginylisoleucylserylserylglutaminyllarginylleucylthreonylthreonylglutaminyllarginylisoleucylserylserylglutaminyllarginylleucylthreonylthreonylglutaminyllarginylisoleucylserylserylglutaminyllarginylleucylthreonylthreonylglutaminyllarginylisoleucylserylserylglutaminyllarginylleucylthreonylthreonylglutaminyllarginylisoleucylserylserylglutaminyllarginylleucylthreonylthreonylglutaminyllarginylisoleucylserylserylglutaminyllarginylleucylthreonylthreonylglutaminyllarginylisoleucylserylserylglutaminyllarginylleucylthreonylthreonylglutaminyllarginylisoleucylserylserylglutaminyllarginylleucylthreonylthreonylglutaminyllarginylisoleucylserylserylglutaminyllarginylleucylthreonylthreonylglutaminyllarginylisoleucylserylserylglutaminyllarginylleucylthreonylthreonylglutaminyllarginylisoleucylserylserylglutaminyllarginylleucylthreonylthreonylglutaminyllarginylisoleucylserylserylglutaminyllarginylleucylthreonylthreonylglutaminyllarginylisoleucylserylserylglutaminyllarginylleucylthreonylthreonylglutaminyllarginylisoleucylserylserylglutaminyllarginylleucylthreonylthreonylglutaminyllarginylisoleucylserylserylglutaminyllarginylleucylthreonylthreonylglutaminyllarginylisoleucylserylserylglutaminyllarginylleucylthreonylthreonylglutaminyllarginylisoleucylserylserylglutaminyllarginylleucylthreonylthreonylglutaminyllarginylisoleucylserylserylglutaminyllarginylleucylthreonylthreonylglutaminyllarginylisoleucylserylserylglutaminyllarginylleucylthreonylthreonylglutaminyllarginylisoleucylserylserylglutaminyllarginylleucylthreonylthreonylglutaminyllarginyleucine
0%
No matching quizzes found
Score Distribution
Percent of People with Each Score
Percentile by Number Answered
Your Score History
You have not taken this quiz